000 00254nam a22001217a 4500
003 SGT
082 _a370
_bCHH
100 _aCHHABRA, NIRMAL
245 _aFAMILY AND COMMUNITY
260 _aDELHI
_bRI PUB.
_c2019
300 _a314
942 _2ddc
_cBK
_021
999 _c17582
_d17582